000 00313nam a22001337a 4500
008 180306b xxu||||| |||| 00| 0 eng d
020 _a9781856751865
041 _aeng
080 _a316
100 _a50
101 _aSOC
245 _aLabyrinth Pathway to Meditation and Healing
_cSands, H.R
942 _2udc
_cBK
999 _c44138
_d44138